000
00305nam a2200109 a 4500
001
000009326
005
20200929161545.0
008
090929s1926 000 spa d
245
0
_a
Jardines de psiquis : cantos de juventud tríptico bíblico y otros poemas.
260
_a
París,
_c
1926.
999
_c
9086
_d
9086
040
_a
DO-SdBNP